01237nas a2200265Ia 4500001001100000003000900011008004100020040001300061040001300074041001300087100003800100210001100138222001100149245007900160250001100239260002300250501008600273300001000359362003500369500026000404650006600664942000700730999001900737952021500756R132/65991IT-RoPAU151124c99999999xx |||||||||||| ||und|| aIT-RoPAU cIT-RoPAU aITALIANO aAA.VV. gCodice Aut. SPICS: 12000 aADISTA aAdista aADISTA, ANNO 22-N.004 (GENNAIO 1988)bAdista, Anno 22-N.004 (Gennaio 1988) a1a ed. aROMAbADISTAc1988 bPaulus - SPICS - Società San Paolo EM (non-commercial uses only)cCopyright2015 a16 p. aANNO 022, N.004 (GENNAIO 1988) aStipendi al Clero. Distanti le Istituzioni Dai Cittadini. Catechismo Olandese del Papa Ai Vescovi dei Paesi Bassi. Cristiani, Democrazia e Potere. Rifondare la Politica Partendo Dai Programmi per i Giovani di Azione Cattolica. Campagne Diffamatorie del "S aCOMUNICAZIONE - AGENZIA INFORMAZIONEvPUBBLICAZIONE PERIODICA cCR c145236d145236 0010406R_132_65991000000000071aSPICSbSPICSd2015-11-25l0oR132/65991r2015-11-25 00:00:00w2015-11-25yCRzProgr. Ins: 54985 / Copia rara: NO / date import: 25.11.2015 / By Epidotti, Trombetti, Vaglietti